000 00530cam a2200193 a 4500
001 3429025
005 20240222015809.0
008 910627s1990 ii b 000 0 eng
020 _a818510719X :
040 _aDLC
_cDLC
_dDLC
082 0 0 _a322.4.
_220
_bMUS.
100 1 _aLateef, Shahida.
245 1 0 _aMuslim women in India :
_bpolitical & private realities, 1890s-1980s /
_cShahida Lateef.
260 _aNew Delhi :
_bKali for Women,
_c1990.
300 _a230 p. ;
650 0 _aMuslim women
650 0 _aFeminism
942 _cL
999 _c472
_d472